000
00227 a2200097 4500
001
56085
100
_a
245
_a
Human ecology; a theory of community structure
260
_a
Islamabad
_b
NNESCO Pub
_c
090
_c
34751
_d
34751
942
_a
NUST-CAE
_c
_c
27504
999
_c
291158
_d
291158